Основные итоги становления предметных методик в XX веке и перспективы их развития (Запись № 1634943)
[ простой вид ]
| 000 -МАРКЕР | |
|---|---|
| контрольное поле | 01736nam1a2200313 i 4500 |
| 001 - ИДЕНТИФИКАТОР ЗАПИСИ | |
| контрольное поле | RU\NLR\bibl\283984 |
| 005 - ИДЕНТИФИКАТОР ВЕРСИИ | |
| контрольное поле | 20260407111709.0 |
| 035 ## - ДРУГИЕ СИСТЕМНЫЕ НОМЕРА | |
| Идентификатор записи | (NLR Aleph) 000279429 |
| 100 ## - ДАННЫЕ ОБЩЕЙ ОБРАБОТКИ | |
| Данные общей обработки | 20020704g20029999k y0rusy50 ca |
| 101 0# - ЯЗЫК РЕСУРСА | |
| Язык текста, звукозаписи и т.д. | русский |
| 102 ## - СТРАНА ПУБЛИКАЦИИ ИЛИ ПРОИЗВОДСТВА | |
| Страна публикации | Российская Федерация |
| 105 ## - ПОЛЕ КОДИРОВАННЫХ ДАННЫХ: ТЕКСТОВЫЕ МАТЕРИАЛЫ, МОНОГРАФИЧЕСКИЕ | |
| Кодированные данные о монографическом текстовом документе | ||||z ||||| |
| 200 1# - ЗАГЛАВИЕ И СВЕДЕНИЯ ОБ ОТВЕТСТВЕННОСТИ | |
| Основное заглавие | Основные итоги становления предметных методик в XX веке и перспективы их развития |
| Сведения, относящиеся к заглавию | Сб. науч. тр. по непрерыв. образованию |
| Первые сведения об ответственности | Рос. акад. образования, Акад. обществ. связей. Сев.-Зап. отд-ние РАО, Науч.-исслед. ин-т общ. образования РГПУ им. А.И. Герцена |
| Последующие сведения об ответственности | [Редкол.: И.М. Титова (науч. ред.) |
| -- | Сост.: Е.Р. Рубилова] |
| 210 ## - ПУБЛИКАЦИЯ, РАСПРОСТРАНЕНИЕ И ДР. | |
| Место издания, распространения и т.д. | СПб. |
| Имя издателя, распространителя и т. д. | Культ-Информ-Пресс |
| Дата издания, распространения и т.д. | 2002 |
| 215 ## - ФИЗИЧЕСКАЯ ХАРАКТЕРИСТИКА | |
| Размеры | 20 |
| 463 #0 - УРОВЕНЬ ФИЗИЧЕСКОЙ ЕДИНИЦЫ | |
| Встроенное поле | 001280612 |
| 606 ## - НАИМЕНОВАНИЕ ТЕМЫ КАК ПРЕДМЕТ | |
| Наименование темы | Школа |
| Формальный подзаголовок | Сборники |
| Тематический подзаголовок | Методика преподавания |
| -- | История |
| Географический подзаголовок | Россия |
| Системный номер авторитетной/нормативной записи | 2250105 |
| Идентификатор авторитетной/нормативной записи | RU\NLR\auth\661349701 |
| 606 ## - НАИМЕНОВАНИЕ ТЕМЫ КАК ПРЕДМЕТ | |
| Наименование темы | Школы |
| Формальный подзаголовок | Сборники |
| Тематический подзаголовок | Преподавание |
| -- | История |
| Географический подзаголовок | Россия |
| Системный номер авторитетной/нормативной записи | 2609680 |
| Идентификатор авторитетной/нормативной записи | RU\NLR\auth\661546238 |
| 686 ## - ИНДЕКСЫ ДРУГИХ КЛАССИФИКАЦИЙ | |
| Индекс | Ч421.2г(2)я43 |
| 702 #1 - ИМЯ ЛИЦА - ВТОРИЧНАЯ ОТВЕТСТВЕННОСТЬ | |
| Начальный элемент ввода | Рубилова |
| Часть имени, кроме начального элемента ввода | Е. Р. |
| Код отношения | Составитель |
| 702 #1 - ИМЯ ЛИЦА - ВТОРИЧНАЯ ОТВЕТСТВЕННОСТЬ | |
| Код отношения | Редактор |
| Материалы, к которым относится поле | rus |
| Графика поля | Кириллица |
| Начальный элемент ввода | Титова |
| Часть имени, кроме начального элемента ввода | И. М. |
| Дополнения к именам, кроме дат | д-р пед. наук |
| Расширение инициалов личного имени | Ирина Михайловна |
| Идентификатор авторитетной/нормативной записи | RU\NLR\auth\7762225 |
| Системный номер авторитетной/нормативной записи | 45155 |
| 712 02 - НАИМЕНОВАНИЕ ОРГАНИЗАЦИИ - ВТОРИЧНАЯ ОТВЕТСТВЕННОСТЬ | |
| Код отношения | Прочие |
| Начальный элемент ввода | Российская академия образования |
| Идентификатор авторитетной/нормативной записи | RU\NLR\AUTH\889939667 |
| Системный номер авторитетной/нормативной записи | 374191 |
| 801 #0 - ИСТОЧНИК ЗАПИСИ | |
| Страна | Российская Федерация |
| Организация | NLR |
| Дата составления | 20020704 |
| Правила каталогизации | PSBO |
| 801 #1 - ИСТОЧНИК ЗАПИСИ | |
| Страна | Российская Федерация |
| Организация | NLR |
| Дата составления | 20020704 |
| 852 ## - МЕСТОНАХОЖДЕНИЕ И ШИФР ХРАНЕНИЯ | |
| Идентификатор организации | NLR |
| Шифр хранения (Call Number) | 2002-3/15344 |
| 942 ## - ДОПОЛНИТЕЛЬНЫЕ ЭЛЕМЕНТЫ ЗАПИСИ (АБИС) | |
| Тип экземпляра АБИС | Книга |
Нет доступных экземпляров.